Towards a new sociology in India / (Record no. 102270)

MARC details
000 -LEADER
fixed length control field 01123nam a22002657a 4500
005 - DATE AND TIME OF LATEST TRANSACTION
control field 20230720164112.0
010 ## - LCCN (DPL NO)
LC control number ENG-115969 ENG-137497
020 ## - INTERNATIONAL STANDARD BOOK NUMBER
International Standard Book Number 9788125062745
Terms of availability 600.00
020 ## - INTERNATIONAL STANDARD BOOK NUMBER
International Standard Book Number 9788125062745
Terms of availability 750.00
035 ## - SYSTEM CONTROL NUMBER
System control number B-654312-323
035 ## - SYSTEM CONTROL NUMBER
System control number B-667892
035 ## - SYSTEM CONTROL NUMBER
System control number EN-99501 EN-121029
037 ## - SOURCE OF ACQUISITION
Source of stock number/acquisition DBAD/PUB
082 ## - DEWEY DECIMAL CLASSIFICATION NUMBER
Classification number 301.0954
245 ## - TITLE STATEMENT
Title Towards a new sociology in India /
Statement of responsibility, etc edited by Mahuya Bandyopadhyay [and] Ritambhara Hebbar
260 ## - PUBLICATION, DISTRIBUTION, ETC. (IMPRINT)
Date of publication, distribution, etc 2016
Place of publication, distribution, etc New Delhi
Name of publisher, distributor, etc Orient Blackswan
270 ## - ADDRESS
Address 1/24, Asaf Ali Road
City New Delhi
Postal code 110002
300 ## - PHYSICAL DESCRIPTION
Dimensions 23cm(Hb) :
Extent x,266p.
Other physical details ill.
500 ## - GENERAL NOTE
General note includs index
700 ## - ADDED ENTRY--PERSONAL NAME
Personal name Bandyopadhyay,Mahuya
700 ## - ADDED ENTRY--PERSONAL NAME
Personal name Hebbar, Ritambhara
942 ## - ADDED ENTRY ELEMENTS (KOHA)
Item type English Books
Source of classification or shelving scheme Dewey Decimal Classification
Classification part 301.0954
Call number suffix TOW
Holdings
Withdrawn status Lost status Not for loan Collection code Home library Current library Date acquired Source of acquisition Cost, normal purchase price Full call number Barcode Copy number Cost, replacement price Koha item type
      Non-fiction Ashok Vihar Ashok Vihar 07/07/2017 BPPD/EN/2016-17/AV/16-17/472/15.02.2017/TZ17430/24.02.2017/18.03.2017 750.00 301.0954 TOW B-667892 1 750.00 English Books
      Non-fiction Bagh Kadhe Khan Bagh Kadhe Khan 21/02/2017 BPPD/EN/2016-17/306/24.11.2016/TZ16932/5.12.2016/4.1.2017 750.00 301.0954 TOW B-654322 1 750.00 English Books
    Not For Loan Non-fiction D.B.Act.Division Bawana 08/09/2016 DBAD/PUB 600.00 301.0954 EN-99501 1 600.00 English Books
      Non-fiction Bawana Bawana 21/02/2017 BPPD/EN/2016-17/306/24.11.2016/TZ16932/5.12.2016/4.1.2017 750.00 301.0954 TOW B-654320 1 750.00 English Books
      Non-fiction Bawana Bawana 20/07/2023 DBAD 600.00 301.0954 TOW EN-121029 1 600.00 English Books
      Non-fiction Central Library Central Library 21/02/2017 BPPD/EN/2016-17/306/24.11.2016/TZ16932/5.12.2016/4.1.2017 750.00 301.0954 TOW B-654312 1 750.00 English Books
      Non-fiction Janak Puri Janak Puri 21/02/2017 BPPD/EN/2016-17/306/24.11.2016/TZ16932/5.12.2016/4.1.2017 750.00 301.0954 TOW B-654318 1 750.00 English Books
      Non-fiction Kasturba Gandhi Marg Kasturba Gandhi Marg 21/02/2017 BPPD/EN/2016-17/306/24.11.2016/TZ16932/5.12.2016/4.1.2017 750.00 301.0954 TOW B-654315 1 750.00 English Books
      Non-fiction New Police Line New Police Line 21/02/2017 BPPD/EN/2016-17/306/24.11.2016/TZ16932/5.12.2016/4.1.2017 750.00 301.0954 TOW B-654313 1 750.00 English Books
      Non-fiction New Rohtak Road New Rohtak Road 21/02/2017 BPPD/EN/2016-17/306/24.11.2016/TZ16932/5.12.2016/4.1.2017 750.00 301.0954 TOW B-654321 1 750.00 English Books
      Non-fiction Patel Nagar Patel Nagar 21/02/2017 BPPD/EN/2016-17/306/24.11.2016/TZ16932/5.12.2016/4.1.2017 750.00 301.0954 TOW B-654314 1 750.00 English Books
      Non-fiction Peshwa Road Peshwa Road 21/02/2017 BPPD/EN/2016-17/306/24.11.2016/TZ16932/5.12.2016/4.1.2017 750.00 301.0954 TOW B-654316 1 750.00 English Books
      Non-fiction Sarojini Nagar Sarojini Nagar 21/02/2017 BPPD/EN/2016-17/306/24.11.2016/TZ16932/5.12.2016/4.1.2017 750.00 301.0954 TOW B-654319 1 750.00 English Books
      Non-fiction Shahdara Branch Shahdara Branch 21/02/2017 BPPD/EN/2016-17/306/24.11.2016/TZ16932/5.12.2016/4.1.2017 750.00 301.0954 TOW B-654323 1 750.00 English Books
      Non-fiction Tri Nagar Tri Nagar 21/02/2017 BPPD/EN/2016-17/306/24.11.2016/TZ16932/5.12.2016/4.1.2017 750.00 301.0954 TOW B-654317 1 750.00 English Books

© Delhi Public Library
Hit Counter
free hit counter